Оксана Петрусенко (Запис № 376138)

МАРК-запис
000 -Лідер
fixed length control field 00745nam a22002417a 4500
001 - Контрольний номер
control field 89862
003 - Ідентифікатор контрольного номера
control field UA-OsUOA
005 - Дата та час останнього входження (трансакції)
control field 20260130100332.0
007 - Фіксоване поле фізичного опису
fixed length control field ta
008 - Елементи даних фіксованої довжини – загальна інформація
fixed length control field 20121112b un ||||| |||| 00| 0 ukr d
040 ## - Джерело каталогізації
Агенція оригінальної каталогізації UA-OsUOA
Мова каталогізації ukr
Агенція, яка здійснювала перезапис UA-OsUOA
Агенція, яка здійснювала модифікацію UA-OsUOA
041 ## - Код мови
Код мови тексту/ звукової доріжки чи окремого заголовка (П) ukr
080 ## - Індекс Універсальної десяткової класифікації
Індекс Універсальної десяткової класифікації (УДК) (НП) 821.161.2
090 ## - Локальний шифр розміщення
Класифікаційний індекс УДК 821.161.2
Авторський знак (НП) К12
100 ## - Основне введення – ім’я особи
Ім’я особи (НП) Кагарлицький М. Ф.
9 (RLIN) 23084
245 ## - Відомості про назву
Назва (НП) Оксана Петрусенко
Решта назви (НП) біографічна повість
Дані про відповідальність (НП) М. Ф. Кагарлицький
260 ## - Публікація, розповсюдження і т.п. (Вихідні дані)
Місце публікації, розповсюдження і т.п. (П) К.
Ім’я/ наймення видавництва, розповсюджувача і т.п. (П) Молодь
Дата публікації, розповсюдження і т.п. (П) 1983
300 ## - Фізичний опис
Обсяг 256 с.
Інші фізичні характеристики (НП) іл.
490 ## - Область серії
Назва серії Уславлені імена
Позначення і номер тому / порядкове позначення Вип. 56
650 #7 - Додаткове предметне введення – тематичний термін
Тематичний термін чи географічна назва, як елемент введення (НП) 821.161.2 Українська література
Джерело заголовка чи терміна UDC
9 (RLIN) 41
942 ## - Додаткові елементи входу (Коха)
Тип елемента Koha Книги
Source of classification or shelving scheme Universal Decimal Classification
955 ## - Код типу видання за змістом
Код типу видання за змістом (НП) Літературно-художні видання
Фонди
Стан вилучень Стан втрат Джерело класифікації або схеми стелажів Стан уражень Не для кредиту Постійне місце розташування Поточне розміщення Дата придбання Інвентарний номер Усього замовленно Повний номер виклику Штрих-код Дата останнього перегляду Ціна ефективна від Тип елемента Koha Код колекції Джерело придбання Вартість, звичайна ціна покупки Вартість, ціна заміни
    Universal Decimal Classification     АБ - Абонемент НБ АБ - Абонемент НБ 12/11/2012 43056   821.161.2 К12 43056 28/03/2022 12/11/2012 Книги        
    Universal Decimal Classification     АБ - Абонемент НБ АБ - Абонемент НБ 14/11/2012 44427   821.161.2 К12 44427 28/03/2022 12/11/2012 Книги        
    Universal Decimal Classification     АБ - Абонемент НБ АБ - Абонемент НБ 30/01/2026     821.161.2 К12 169266 30/01/2026 30/01/2026 Книги Колекція Шевчука Валерія №03/21.01.2026 25.00 25.00